02302 a2200217 45000010006000000050017000060080041000230030015000640400040000790800026001192450027001450200018001722500011001902640034002013000019002355051648002541000025019027000026019277000025019538560106019782610820260407155543.0260407a1997 arg spa dAR-UNSa-BCEJYS aAR-UNSa-BCEJYSbspacAR-UNSa-BCEJYS a330.43xEconometría10aEconometría básica a958-600-585-2 a3a. ed 1aBogotá :bMcGraw-Hillc1997 a824 p.c23 cm. aParte I : Modelos de regresión uniecuacionales : 1. Naturaleza del análisis de regresión - 2. Análisis de regresión con dos variables : Algunas ideas básicas - 3. Modelos de regrsión con dos variables: Problemas de estimación - 4. Supuesto de normalidad: Modelo clásico de regresión lineal normal(MCRLN) - 5. Regresión con dos variables: Estimación de intervalos y prueba de hipótesis - 6. Extensiones del modelo de regresión lineal de dos variables - 7. Análisis de regresión múltiple: Problema de estimación - 8. Análisi de regresión múltiple: Problem de inferencia - 9. Enfoque matricial en el modelo de regresión lineal - Parte II: Violación de los supuestos del modelo clásico: 10. Multicolinealidad y muestras pequeñas - 11. Heteroscedasticidad - 12. Auto correlación - 13. Diseño de modelos econométricos I : Metdología econométrica tradicional - 14. Diseño de modelos econométricos II: Metodologías econométricas alternativas: 15. Regresión con variables dicótomas - 16. Regresión con variable dependiente dicótoma: Los modelos MLP, Logit, Probit y Tobit - 17. Modelos econométricos dinámicos: Modelos autoregrresivos y de rezagos distribuidos - Parte IV: Modelos de ecuaciones simultáneas: 18. Modelos de ecuaciones simultáneas - 19. El problema de la identificación - 20. Métodos de ecuaciones simutáneas - Parte 5: Econometría de series de tiempo: 21. Econometría de series de tiempo I: Estacionariedad, raíces unitarias y cointegración - 22. Econometría de serie de tiempo II: Pronósticos con los modelos ARIMA y VAR - Apéndice1 aGujarati, Damodar N.1 aArango Medina, Gladys1 aMisas Arango, Martha41uhttps://biblioeco.unsa.edu.ar/pmb/images/libros/Econometr?a b?sica.jpgyImagen de portadaqimage/jpeg